Ordenaciones de Coro de la Santa Iglesia Catedral Basílica de Barcelona
Descripción Física:
46 p. ; 22 cm
MARC
| LEADER | 00000nam a2200000Ia 4500 | ||
|---|---|---|---|
| 001 | 14773 | ||
| 008 | 160829s1944 xx 000 0 cat d | ||
| 080 | |a FU-30-16 | ||
| 245 | |a Ordenaciones de Coro de la Santa Iglesia Catedral Basílica de Barcelona | ||
| 260 | |a Barcelona : |b Casa Provincial de Caridad, Impr. - Escuela, |c 1944 | ||
| 300 | |a 46 p. ; |c 22 cm | ||
| 650 | |a Catedral de Barcelona. Cor |x Litúrgia |9 29933 | ||
| 650 | |a Catedral de Barcelona |x Litúrgia |9 29934 | ||
| 650 | |a Església Catòlica |x Costums i ritus |9 29935 | ||
| 856 | 4 | |u https://media.diba.cat/diba/fitxers/arxiu/fulletons/bib_14773_baixa.pdf |y Accés lliure | |
| 856 | 4 | |u https://media.diba.cat/diba/fitxers/arxiu/fulletons/bib_14773_baixa.pdf |y Accés lliure | |
| 901 | |a Arxiu | ||
| 942 | |n 1 |2 udc | ||
| 952 | |0 0 |1 0 |4 0 |6 FU3016 |7 1 |9 45175 |a Arxiu |b Arxiu |d 2016-12-01 |l 0 |o FU-30-16 |p 14773 |r 2016-12-01 00:00:00 |w 2016-12-01 |y ARXIU | ||
| 999 | |c 48246 |d 48246 | ||
| 900 | |a bib_14773_baixa.pdf | ||